000 00466nam a2200157 i 4500
001 80805
003 ES-MaACL
005 20230906174313.0
007 t|
008 041029s1922 fr ||||1| fre d
100 1 _aHoornaert, Rodolphe.
_964152
245 1 0 _aSainte Terese ecrivain
_b: son milieu, ses facultes, son oeuvre /
_cRodolphe Hoornaert.
260 _a[Lille :
_bDesclée de Brouwer,
_c1922]
300 _aXIX, 652 p. ;
_c20 cm.
852 _aES-MaACL
_jF-3153
999 _c80805
_d80805